| 000 | 00933nam a22002657a 4500 | ||
|---|---|---|---|
| 001 | 000679 | ||
| 003 | DO-SdBNP | ||
| 005 | 20180209102526.0 | ||
| 007 | 000679 | ||
| 008 | 161110b 2000 mx a ||||| |||| 00| 0 spa d | ||
| 020 | _a9681907167 | ||
| 040 |
_aBPMSU _bspa _cBPMSU |
||
| 100 | 1 |
_aJanosch, _d1931- _qHorst Eckert, |
|
| 240 | 1 |
_aKomm, wir finden einen Schatz. _lEspañol. |
|
| 245 | 1 | 0 |
_aVamos a buscar un tesoro : _bhistoria de cómo el pequeño oso y el pequeño tigre fueron en busca de la felicidad / _cJanosch ; traducción de Ana Pérez. |
| 260 |
_aMéxico : _bAlfaguara, _c2000. |
||
| 300 |
_a46 p. : _bil. ; _c19 cm. |
||
| 490 | 1 | _aInfantil Alfaguara | |
| 500 | _aIncluye datos del autor en la solapa de la contracubierta. | ||
| 700 | 1 | 2 |
_aPérez, Ana, _d1941- _etr. |
| 830 | 0 | _aInfantil Alfaguara | |
| 942 |
_2ddc _cBK |
||
| 945 | _aInventariado, 2018 /LP | ||
| 956 |
_aLOPEREZ _b10 _c20161110 _hBPMSU |
||
| 999 |
_c11893 _d11893 |
||